Resumos gráficos de direito tributário / (Record no. 1332)

MARC details
000 -LÍDER
Campo Fixo de Controle 00783nam a2200253 a 4500
001 - NÚMERO DE CONTROLE
Campo de Controle 1332
003 - IDENTIFICAÇÃO DO NÚMERO DE CONTROLE
Campo de Controle BR-CuiBMT
005 - DATA E HORA DA ÚLTIMA ATUALIZAÇÃO
Campo de Controle 20231206184319.0
008 - DADOS FIXOS
Dados Fixos 231205s2017 rjba 000 0 por d
020 ## - INTERNATIONAL STANDARD BOOK NUMBER
Nº do ISBN 9788576269380
040 ## - AGÊNCIA CATALOGADORA
Código da Agência Catalogadora BR-CuiBMT
Agência que transcreveu o registro BR-CuiBMT
080 ## - Nº DA CLASSIFICAÇÃO DECIMAL UNIVERSAL
Nº Class. CDU 34:336.2
Nº edição CDU 2007
090 ## - NÚMERO DE CHAMADA
Nº classificação 34:336.2
Cutter S114r
100 10 - ENTRADA PRINCIPAL -- AUTOR PESSOAL
Nome pessoal Sabbag, Eduardo de Moraes
245 10 - TÍTULO PRINCIPAL
Título principal Resumos gráficos de direito tributário /
Indicação de responsabilidade Eduardo Sabbag.
250 ## - EDIÇÃO
Edição 2. ed., rev. e atual.
260 ## - PUBLICAÇÃO, DISTRIBUIÇÃO, ETC.
Local de publicação Niterói :
Editora Impetus,
Data 2017.
300 ## - DESCRIÇÃO FÍSICA
N. páginas ou volumes 177p. :
Ilustrações il. col. ;
Dimensões 24 x 17 cm
504 ## - NOTA DE BIBLIOGRAFIA, ETC.
Nota de bibliografia Inclui bibliografia.
650 ## - ASSUNTO TÓPICO
Cabeçalho tópico ou nome geográfico Direito tributário
Subdivisão geográfica Brasil
650 ## - ASSUNTO TÓPICO
Cabeçalho tópico ou nome geográfico Direito tributário
Subdivisão geral Ciências jurídicas
Subdivisão geográfica Brasil
650 ## - ASSUNTO TÓPICO
Cabeçalho tópico ou nome geográfico Direito tributário
Subdivisão geral Receitas públicas
942 ## - ELEMENTOS DE ENTRADA ADICIONAIS (KOHA)
Fonte de classificação ou esquema de arquivamento Classificação Decimal Universal
Tipo de item do Koha Livros
Holdings
Estado: removido Estado: perdido Fonte de classificação ou esquema de arquivamento Estado: danificado Indisponível para empréstimo Localização permanente Localização atual Data de aquisição Total Checkouts Número de Chamada completo Código de barras Date last seen Número do exemplar Preço efetivo a partir de Tipo de item (Koha)
    Classificação Decimal Universal     Biblioteca da Escola Superior de Contas do TCE/MT Biblioteca da Escola Superior de Contas do TCE/MT 05/12/2023   34:336.2 S114r BIBTCEMT23120175 05/12/2023 Ex. 1 05/12/2023 Livros

Powered by Koha